Le travail du métal au pays de Sumer: au temps de la IIIe dynastie d'Ur
| Main Author: | |
|---|---|
| Format: | Print Book |
| Language: | French |
| Subito Delivery Service: | Order now. |
| Check availability: | HBZ Gateway |
| WorldCat: | WorldCat |
| Interlibrary Loan: | Interlibrary Loan for the Fachinformationsdienste (Specialized Information Services in Germany) |
| Published: |
Paris
"Les Belles Lettres"
1960
|
| In: |
Bibliothèque de la Faculté de Philosophie et Lettres de l'Université de Liège (155)
Year: 1960 |
| Reviews: | Henri Limet. Le travail du métal au pays de Sumer au temps de la IIIe dynastie d'Ur (1964) (Amiet, Pierre)
|
| Series/Journal: | Bibliothéque de la Faculté de Philosophie et Lettres de l'Université de Liège
155 |
| Standardized Subjects / Keyword chains: | B
Sumer
/ Metal-work
|
| Further subjects: | B
Art metal-work, Sumerian
B Sumerian literature History and criticism B Thesis |
MARC
| LEADER | 00000cam a2200000 c 4500 | ||
|---|---|---|---|
| 001 | 1134541155 | ||
| 003 | DE-627 | ||
| 005 | 20251225180339.0 | ||
| 007 | tu | ||
| 008 | 970324s1960 fr ||||| m 00| ||fre c | ||
| 035 | |a (DE-627)1134541155 | ||
| 035 | |a (DE-576)064541150 | ||
| 035 | |a (DE-599)BSZ064541150 | ||
| 035 | |a (OCoLC)56867289 | ||
| 035 | |a (OCoLC)01812757 | ||
| 040 | |a DE-627 |b ger |c DE-627 |e rakwb | ||
| 041 | |a fre | ||
| 044 | |c XA-FR | ||
| 050 | 0 | |a NK6473 | |
| 082 | 0 | |a 806 | |
| 082 | 0 | |a 935 | |
| 084 | |a 6,23 |a 1 |2 ssgn | ||
| 084 | |a 6,22 |2 ssgn | ||
| 084 | |a BC 8312 |2 rvk |0 (DE-625)rvk/9750:12002 | ||
| 084 | |a NG 4060 |2 rvk |0 (DE-625)rvk/125432:13126 | ||
| 084 | |a EM 2850 |2 rvk |0 (DE-625)rvk/24938: | ||
| 084 | |a 51.50 |2 bkl | ||
| 084 | |a 51.01 |2 bkl | ||
| 100 | 1 | |0 (DE-588)120497735 |0 (DE-627)080712444 |0 (DE-576)161994741 |4 aut |a Limet, Henri |d 1924-2009 | |
| 109 | |a Limet, Henri 1924-2009 |a Limet, Henri Édouard Alexandre 1924-2009 |a Limet, Henri É. A. 1924-2009 | ||
| 245 | 1 | 3 | |a Le travail du métal au pays de Sumer |b au temps de la IIIe dynastie d'Ur |c Henri Limet |
| 264 | 1 | |a Paris |b "Les Belles Lettres" |c 1960 | |
| 300 | |a 312, 19 S. |b graph. Darst. | ||
| 336 | |a Text |b txt |2 rdacontent | ||
| 337 | |a ohne Hilfsmittel zu benutzen |b n |2 rdamedia | ||
| 338 | |a Band |b nc |2 rdacarrier | ||
| 361 | 1 | |5 DE-18-303 |y 4663825524 |s 4-AS/ NG 4060 L733 |o Vorbesitz |a Renger, Johannes |0 (DE-588)121653331 |0 (DE-627)08144611X |0 (DE-576)213846241 |f Einband |f Autogramm |k 1971 | |
| 490 | 1 | |a Bibliothéque de la Faculté de Philosophie et Lettres de l'Université de Liège |v 155 | |
| 502 | |a Zugl.: Lüttich, Univ., Diss., 1959 | ||
| 583 | 1 | |a Archivierung/Langzeitarchivierung gewährleistet |f SSG |x XA-DE-BW |2 pdager |5 DE-21 | |
| 583 | 1 | |a Archivierung prüfen |c 20240324 |f DE-4165 |z 2 |2 pdager | |
| 650 | 0 | |a Art metal-work, Sumerian | |
| 650 | 0 | |a Sumerian literature |x History and criticism | |
| 655 | 7 | |a Hochschulschrift |0 (DE-588)4113937-9 |0 (DE-627)105825778 |0 (DE-576)209480580 |2 gnd-content | |
| 689 | 0 | 0 | |d g |0 (DE-588)4206844-7 |0 (DE-627)105124648 |0 (DE-576)210177675 |2 gnd |a Sumer |
| 689 | 0 | 1 | |d s |0 (DE-588)4038872-4 |0 (DE-627)106230344 |0 (DE-576)209032391 |2 gnd |a Metallbearbeitung |
| 689 | 0 | |5 (DE-627) | |
| 751 | |a Lüttich |4 uvp | ||
| 787 | 0 | 8 | |i Rezensiert in |a Amiet, Pierre |t Henri Limet. Le travail du métal au pays de Sumer au temps de la IIIe dynastie d'Ur |d 1964 |w (DE-627)1806012170 |
| 810 | 2 | |a Université de Liège |b Faculté de philosophie et lettres |t Bibliothèque de la Faculté de Philosophie et Lettres de l'Université de Liège |v 155 |9 155 |w (DE-627)130520624 |w (DE-576)000031771 |w (DE-600)768895-7 |x 0768-5475 |7 am | |
| 889 | |w (DE-627)225712148 | ||
| 935 | |i mdedup | ||
| 936 | r | v | |a BC 8312 |b Kultur |k Theologie und Religionswissenschaften |k Bibelwissenschaft |k Die orientalische Umwelt der Bibel |k Ältere Völker und Großreiche des Alten Orients |k Vorderasiatische Völker, Mesopotamien |k Sumerer |k Kultur |0 (DE-627)1271926059 |0 (DE-625)rvk/9750:12002 |0 (DE-576)201926059 |
| 936 | r | v | |a NG 4060 |b Kulturgeschichte |k Geschichte |k Alte Geschichte |k Geschichte und Kultur des alten Orients und der Mittelmeervölker (ohne Griechen und Römer) |k Einzelne Reiche und Völker |k Irak (Mesopotamien mit Umland; Sumer, Akkad, Babylon und Assur) |k Kulturgeschichte |0 (DE-627)1399019155 |0 (DE-625)rvk/125432:13126 |0 (DE-576)329019155 |
| 936 | r | v | |a EM 2850 |b Wissenschaftliche Literatur |k Allgemeine und vergleichende Sprach- und Literaturwissenschaft. Indogermanistik. Außereuropäische Sprachen und Literaturen |k Altorientalische Sprachen und Literaturen |k Akkadisch-Sumerische Literatur |k Textsammlungen und Sekundärliteratur |k Einzelne Gattungen (auch gattungsbezogene Sekundärliteratur und Übersetzungen) |k Wissenschaftliche Literatur |0 (DE-627)1271232596 |0 (DE-625)rvk/24938: |0 (DE-576)201232596 |
| 936 | b | k | |a 51.50 |j Metallische Werkstoffe: Allgemeines |0 (DE-627)106412973 |
| 936 | b | k | |a 51.01 |j Geschichte der Werkstoffkunde |0 (DE-627)106410679 |
| 951 | |a BO | ||
| BIB | |a 1 | ||
| ELC | |b 1 | ||
| ITA | |a 1 |t 1 | ||
| LOK | |0 000 xxxxxcx a22 zn 4500 | ||
| LOK | |0 001 2645788653 | ||
| LOK | |0 003 DE-627 | ||
| LOK | |0 004 1134541155 | ||
| LOK | |0 005 20120131150902 | ||
| LOK | |0 008 100820||||||||||||||||ger||||||| | ||
| LOK | |0 040 |a DE-21 |c DE-627 |d DE-21 | ||
| LOK | |0 852 |a DE-21 | ||
| LOK | |0 852 1 |c Ka XLI 17-155 |9 00 | ||
| LOK | |0 935 |a dika |a tub3 |a alto | ||
| LOK | |0 936ln |a t16.3 | ||
| LOK | |0 939 |a 20-08-10 |b l01 | ||
| LOK | |0 000 xxxxxcx a22 zn 4500 | ||
| LOK | |0 001 2507046112 | ||
| LOK | |0 003 DE-627 | ||
| LOK | |0 004 1134541155 | ||
| LOK | |0 005 20060420145937 | ||
| LOK | |0 008 060420||||||||||||||||ger||||||| | ||
| LOK | |0 040 |a DE-21-11 |c DE-627 |d DE-21-11 | ||
| LOK | |0 541 |e A67-270 | ||
| LOK | |0 852 |a DE-21-11 | ||
| LOK | |0 852 1 |c AOR Dl Limet 1 |m p |9 00 | ||
| LOK | |0 935 |a k011 |a i011 |a kneu |a aori | ||
| LOK | |0 938 |k p | ||
| LOK | |0 939 |a 20-04-06 |b l01 | ||
| ORI | |a SA-MARC-ixtheoa001.raw | ||
| REL | |a 1 | ||
| STA | 0 | 0 | |a Metal-work,Sumer,Shumer |
| STB | 0 | 0 | |a Travail des métaux |
| STC | 0 | 0 | |a Metalurgia |
| STD | 0 | 0 | |a Lavorazione dei metalli |
| STG | 0 | 0 | |a Metalurgia |
| STH | 0 | 0 | |a Металлообработка |
| STI | 0 | 0 | |a Επεξεργασία μετάλλου,Κατεργασία μετάλλου |
| SUB | |a BIB |a REL | ||
| SYG | 0 | 0 | |a Metallischer Werkstoff,Metalltechnik |



